[Event "Biel GM"]
[Site "Biel"]
[Date "2006.07.30"]
[Round "6"]
[White "Carlsen, Magnus"]
[Black "Pelletier, Yannick"]
[Result "1/2-1/2"]
[WhiteElo "2675"]
[BlackElo "2583"]
[Annotator "Kritz,L"]
[PlyCount "76"]
[EventDate "2006.07.24"]
[EventType "tourn"]
[EventRounds "10"]
[EventCountry "SUI"]
[EventCategory "17"]
[SourceTitle "CBM 114"]
[Source "ChessBase"]
[SourceDate "2006.10.02"]
[SourceVersion "1"]
[SourceVersionDate "2006.10.02"]
[SourceQuality "1"]

1. e4 c5 2. Nf3 e6 3. Nc3 Nc6 4. d4 cxd4 5. Nxd4 Qc7 {Black chooses the
classical Paulsen Variation. The move 5...a6 has become very modern. Schwarz
wählt die klassische Paulsen-Variante. Sehr modern ist heute der Zug 5....a6
geworden.} (5... a6 6. Nxc6 (6. Be3 Nf6 7. Qd2 (7. Bd3 Qc7 {leads to the old
Paulsen liquidations. führt in die alten Paulsenabwicklungen über.}) 7... Bb4
8. f3 d5 9. a3 Qa5 $15) 6... bxc6 7. Bd3 d5 8. O-O Nf6 $132 {White has a
slight lead in development here. But Black has in return a solid centre. There
are chances for both sides. Weiß hat hier einen kleinen Entwicklungsvorsprung,
dafür verfügt Schwarz über ein sehr solides Zentrum. Die Stellung bietet
Chancen für beide Seiten.}) 6. g3 ({Today's main line is Die Hauptfortsetzung
heutzutage ist} 6. Be3 a6 (6... Nf6 7. Ndb5 Qb8 8. f4 $14) 7. Qd2 $1 {The plan
with queenside castling seems to me to be the most dangerous. - der Plan mit
der langen Rochade scheint mir der gefährlichste zu sein -} Nf6 8. O-O-O Bb4 9.
f3 $13 {after which black has lots of interesting possibilities, e.g. 9...Ne5,
9...Ne7, 9...d5 etc. wonach Schwarz viele interessante Möglichkeiten hat, z.B.
9...Ne5, 9...Ne7, 9...d5 usw.}) 6... a6 7. Bg2 Nf6 8. O-O Nxd4 $1 {The best
reaction to White's setup. Die beste Reaktion gegen den weißen Aufbau.} (8...
d6 {is also possible, but leaves White with a molre pleasant position. ist
auch möglich, doch bekommt Weiß hier eine angenehmere Stellung zu spielen.} 9.
Be3 Be7 10. a4 Bd7 11. Nxc6 Bxc6 12. a5 O-O 13. Re1 Nd7 14. Na4 $14) (8... Bc5
{does not lead to full equality either. führt ebenfalls nicht zum vollen
Ausgleich:} 9. Nxc6 dxc6 (9... bxc6 10. Na4 Be7 11. c4 d6 12. b3 O-O 13. Bb2
$14) 10. Na4 Ba7 11. c4 {Despite the threat of c5, Black is forced to play
Wegen der Drohung c5 ist Schwarz gezwungen} Nd7 {, after which his
white-squared bishop looks unhappy. zu spielen, wonach sein weißfeldriger
Läufer unglücklich aussieht.} 12. Qg4 $14) 9. Qxd4 Bc5 10. Bf4 (10. Qd3 d6 11.
Bf4 Nd7 $1 (11... h6 $2 12. Na4 $1 e5 13. Nxc5 exf4 14. Nb3 fxg3 15. hxg3 $16 {
The d6-pawn and the f5-square on which the white knight will soon stand look
menacing for Black. Der Bauer d6 und das Feld f5, worauf sich der weiße
Springer bald stellen wird, versprechen Schwarz nichts Gutes.}) 12. Na4 e5 13.
Be3 (13. Nxc5 $2 Nxc5 14. Qc3 exf4 15. Qxg7 Rf8 16. gxf4 Be6 $17) 13... Bxe3
14. Qxe3 b5 15. Nc3 Bb7 $132) 10... d6 (10... Bxd4 $2 11. Bxc7 d5 {or else
Be6-d5 will follow. sonst folgt Bd6-e5} 12. Rad1 Bxc3 13. bxc3 O-O 14. e5 Nd7
15. c4 dxc4 16. Rd4 $16) 11. Qd2 h6 {It is important to control the g5-square.
Es ist wichtig, das Feld g5 zu kontrollieren.} (11... e5 12. Bg5 $16) 12. Rad1
(12. Na4 {leads to toal equality after führt zum totalen Ausgleich nach} e5 13.
Nxc5 dxc5 $1 (13... exf4 14. Nb3 fxg3 15. hxg3 $16) 14. Be3 Ng4 $11) 12... e5
13. Be3 Be6 ({Of course not Selbstverständlich nicht} 13... Bxe3 14. fxe3 $1
Be6 (14... Ke7 $4 15. Rxf6 $18) 15. Qxd6 Qxd6 16. Rxd6 $16) 14. Bxc5 dxc5 15.
Nd5 (15. f4 O-O 16. Nd5 Bxd5 17. exd5 Qd6 {transposes to the game. geht in die
Partie über.}) 15... Bxd5 16. exd5 Qd6 (16... O-O $2 17. d6 $16 {The white
pawn cannot simply be let on to d6, because then all the white pieces,
especially the bishop on g2, become very active. Man darf nicht den weißen
Bauern einfach so nach d6 lassen, denn dann werden alle weißen Figuren, vor
allem der Läufer g2, sehr aktiv.}) 17. f4 O-O (17... e4 18. Rfe1 O-O 19. Bxe4
$16) 18. fxe5 Qxe5 19. d6 $1 {The only winning try is the pawn sacrifice Der
einzige Versuch auf Gewinn zu spielen ist das Baueropfer} (19. c4 Qd6 $1 20.
Qf4 Ne8 $1 $15 {In this position the queen turns out, exceptionally, to be a
good blockader, but only because White has no active play whatsoever. In
dieser Stellung erweist sich die Dame ausnahmsweise als guter Blockierer, das
aber nur, weil Weiß überhaupt kein aktives Spiel hat.}) 19... Qxb2 20. c4 Qxd2
21. Rxd2 $44 {White does have enough compensation for the sacrificed pawn, but
no more. With correct play Black can secure the half point. Für den geopferten
Bauern hat Weiß zwar ausreichende Kompensation, aber auch nicht mehr. Bei
richtigem Spiel kann sich Schwarz den halben Punkt sichern.} Rab8 22. a4 Rfd8
23. Re1 Kf8 24. Re5 Nd7 25. Re4 f6 26. Rb2 Re8 27. Rxe8+ Kxe8 28. Bd5 b6 29.
Kg2 Ne5 30. Be6 a5 31. Rb1 Kf8 32. Bd5 Ke8 33. Be6 Nc6 34. Bf5 Kf8 35. Be4 Ne5
36. Bd5 Ke8 37. Be6 Nc6 38. Bf5 Ne5 1/2-1/2

[Event "EU-ch 13th"]
[Site "Plovdiv"]
[Date "2012.03.25"]
[Round "6"]
[White "Smirin, Ilia"]
[Black "Soffer, Ram"]
[Result "1-0"]
[WhiteElo "2657"]
[BlackElo "2492"]
[Annotator "Kritz,L"]
[PlyCount "113"]
[EventDate "2012.03.20"]
[EventType "swiss"]
[EventRounds "11"]
[EventCountry "BUL"]
[SourceTitle "CBM 148"]
[Source "ChessBase"]
[SourceDate "2012.05.16"]
[SourceVersion "1"]
[SourceVersionDate "2012.05.16"]
[SourceQuality "1"]

1. e4 c5 2. Nf3 e6 3. d4 cxd4 4. Nxd4 Nc6 5. Nc3 Qc7 6. f4 $5 {Diesen Zug
sieht man nicht zu oft in der heutigen Praxis. Öfters gespielt wird Be3-Qd2.} (
6. Be3 a6 7. Qd2 Nf6 8. f3 Bb4 9. O-O-O $132 {mit vielen langen theoretischen
Varianten.}) 6... a6 {Manchmal wird auch 6...Nxd4 gespielt.} (6... Nxd4 7. Qxd4
a6 8. Be3 (8. a4 Nf6 9. Be3 Ng4 $1 10. Qb6 Bd6 11. Qxc7 Bxc7 12. Bd2 d6 13. Bd3
Bd7 14. a5 Bc6 $11 {und Schwarz hatte ein leichtes Endspiel in Adams - Lutz 
(Germany, 2003)}) 8... b5 9. O-O-O Bb7 10. Bd3 Rc8 11. Kb1 Nf6 12. e5 Ng4 $11 {
Andriasian - Horvath (Cappelle la Grande, 2012)}) 7. Nxc6 {Alternativen sind 7.
Be2 und 7.Be3:} (7. Be2 b5 8. Nxc6 Qxc6 9. Bf3 Bb7 10. Be3 Rc8 $132) (7. Be3 b5
8. Be2 Bb7 9. a3 Nf6 10. O-O Bc5 $36) 7... Qxc6 {Das ist der beste Zug.} (7...
bxc6 8. e5 $1 d5 9. exd6 Bxd6 10. Ne4 $1 Be7 (10... Bxf4 11. Bxf4 Qxf4 12. Qd4
e5 13. Nd6+ Kf8 14. Qxf4 exf4 15. Nxc8 Rxc8 16. Bxa6 $16) 11. Bd3 Nf6 12. O-O
O-O 13. Qe2 $14 {Weiß hat strategischen Vorteil dank der besseren
Bauernstruktur.}) (7... dxc6 8. e5 $1 {Nun hat Schwarz das Problem des
schlechten Läufers c8 und des schwachen Feldes d6.} Bb4 9. Bd2 Ne7 10. Ne4
Bxd2+ 11. Qxd2 $16) 8. Bd3 b5 9. Qe2 Bb7 10. Bd2 {Der Läufer steht besser auf
d2 als auf e3, weil in diesem Fall die Dame den Bauern e4 verteidigt.} Bc5 (
10... Be7 {Jetzt muss Weiß die Stellung des Springers c3 sichern.} 11. a3 $1
Rc8 12. O-O Nf6 13. e5 Nd5 14. Ne4 $14 {Adams - Stefansson (Istanbul, 2000)})
11. O-O-O {Weiß braucht den Zug a3 nicht, weil der Springer nach d5 gehen kann.
} Ne7 (11... b4 12. Nd5 $1 Qc8 (12... Qa4 $2 13. Nc7+ Kd8 14. Nxa8 Qxa2 15. c4
$3 Bxa8 16. Be3 $18) 13. Ne3 Nf6 14. Ng4 Nxg4 15. Qxg4 O-O 16. f5 $40) 12. a3 {
Öfters gespielt wird Qh5.} (12. Qh5 {Nun muss Schwarz sich auf die lange
Rochade orientieren.} g6 13. Qg5 O-O-O 14. Rhe1 f5 15. Be3 Rde8 16. Bxc5 Qxc5
17. exf5 h6 18. Qh4 gxf5 $132 {Rublevsky - Alekseev (Irkutsk, 2010)}) 12... O-O
(12... O-O-O 13. Kb1 d5 14. Rhe1 Rd7 15. exd5 Nxd5 16. f5 $14 Re8 17. Nxd5 Qxd5
18. Ba5 Bd4 19. Qf1 Bc6 20. fxe6 fxe6 21. Be4 Qc5 22. Qf3 Bd5 23. Bxd5 Qxd5 24.
Qxd5 Rxd5 25. Bb6 e5 26. Rxd4 {1-0 Naiditsch,A (2716)-Vachier Lagrave,M (2731)/
Mulhouse 2011/CBM 142 Extra}) 13. Rhf1 {Die Alternative 13.Kb1 führt zu
unklarem Spiel.} (13. Kb1 f5 14. g4 Rae8 15. Rhe1 d5 16. exf5 exf5 17. gxf5
Nxf5 18. Qg4 Nd6 19. Re5 Rxe5 20. fxe5 Ne4 $132 {Balogh - Maiwald (Germany,
2012)}) 13... f5 $5 {Man kann sagen, dass Weiß keinen Eröffnungsvorteil
erzielt hat, obwohl die Stellung sicherlich sehr interessant ist.} 14. g4 Rae8
(14... d5 $5 15. exf5 (15. gxf5 $2 d4 $1 16. Na2 exf5 17. e5 Qe6 18. Kb1 Nd5
$15) 15... exf5 16. gxf5 Nxf5 17. Qg4 Nd6 $132) 15. Kb1 d5 $6 {Die gute Idee
kommt einen Zug zu spät, denn nun kann Weiß gxf5 spielen.} 16. gxf5 exf5 (16...
d4 17. f6 $1 dxc3 (17... Rxf6 18. e5 $1 Rf7 19. Ne4 $16) 18. fxe7 Rxe7 19. Bxc3
Bxa3 20. Qh5 Bc5 21. Rf3 $16 {Weiß hat sehr starken Angriff.}) 17. e5 $14 {
Diese Stellung ist natürlich besser für Weiß, weil er einen sehr starken
Bauern e5 hat.} d4 {Schwarz muss dynamisch spielen.} 18. Na2 Nd5 (18... Qg2 19.
Bb4 Bb6 20. Qxg2 Bxg2 21. Rf2 Be4 22. Bd6 $14) 19. Rg1 $2 {Erlaubt Schwarz
gutes Gegenspiel.} (19. Nb4 $1 Bxb4 (19... Nxb4 20. axb4 Bb6 21. Rg1 $14) 20.
axb4 Nb6 21. Rg1 $14) 19... Ne3 $1 20. Bxe3 dxe3 {Der Bauer e3 ist sehr stark.}
21. Rg3 Qh6 22. Rf1 Rc8 (22... Rd8 $1 {Der Turm müsste nach d4 gehen, um den
Bauern f4 anzugreifen.} 23. Nc3 g6 (23... Rd4 24. Qxe3 $1 Qxh2 25. e6 $16) 24.
Nd1 Rd4 25. Qxe3 Qxh2 26. e6 $2 Re8 $17) 23. Nc3 $1 Bxa3 24. Nd1 {Was Schwarz
erreicht hat, ist der Tausch des Bauern e3 gegen den Bauer a3 - keine gute
Entscheidung.} Bc5 25. Nxe3 $16 Bxe3 26. Qxe3 {Weiß hat riesigen Vorteil dank
der besseren Bauernstruktur und der offenen g-Linie.} Qe6 27. Rfg1 Rc7 28. Rg5
Bc8 29. h4 $1 {Weiß erhöht den Druck gegen die Stellung von Schwarz.} Qc6 30.
h5 Be6 31. Qg3 Rff7 32. h6 $1 {Das Problem ist, dass Schwarz nicht ...g6
spielen kann. Die Folge davon ist, dass die Stellung schon verloren ist.} Qd5 (
32... g6 33. Rxg6+ hxg6 34. Qxg6+ Kf8 35. Qg8+ Ke7 36. h7 Rxh7 (36... Qd5 37.
h8=Q Qa2+ 38. Kc1 Qa1+ 39. Kd2 Qa5+ 40. c3 $18) 37. Qxh7+ Bf7 38. Bxf5 $18) 33.
b3 $1 {Ganz einfach und stark gespielt.} Qd4 34. Rd1 Rfd7 (34... g6 35. Rxg6+
hxg6 36. Qxg6+ Kf8 37. Be2 Qxd1+ 38. Bxd1 $18) 35. Be2 Qc5 36. Rxg7+ {Weiß hat
tödlichen Angriff.} Kf8 {Die nächsten Züge sind forciert.} (36... Rxg7 37. Rd8+
Kf7 38. Qxg7#) 37. Rgxd7 Qxc2+ 38. Ka1 Rxd7 39. Rxd7 Qc1+ (39... Bxd7 40. Qg7+
Ke8 41. Qh8+ Ke7 42. Qf6+ Ke8 43. Bh5#) 40. Ka2 Qc2+ 41. Ka3 Qc5+ (41... b4+
42. Kxb4 a5+ 43. Kxa5 Qa2+ 44. Kb4 $18) 42. Kb2 Bxd7 43. Qg7+ Ke8 44. Qh8+ Qf8
(44... Ke7 45. Qf6+ Ke8 46. Bh5#) 45. Bh5+ Ke7 46. Qxf8+ {Das Endspiel ist
leicht gewonnen.} (46. Qxh7+ {gewinnt ebenfalls.} Kd8 47. Qg6 $18) 46... Kxf8
47. b4 $1 Be8 {Das Läuferendspiel ist genauso hoffnungslos wie das
Bauernendspiel.} (47... Ke7 48. Bg6 $1 $18) 48. Bxe8 Kxe8 49. Kc3 Kd7 50. Kd4
Kc6 51. e6 Kd6 52. e7 Kxe7 53. Ke5 Kf8 54. Kxf5 Kf7 55. Ke5 Kg6 56. Ke6 Kxh6
57. f5 1-0

[Event "Givataim int"]
[Site "Givataim"]
[Date "1998.12.??"]
[Round "?"]
[White "Kundin, Alexander"]
[Black "Zalkind, Konstantin"]
[Result "1-0"]
[WhiteElo "2425"]
[BlackElo "2320"]
[Annotator "Kundin/Alterman"]
[PlyCount "77"]
[EventDate "1998.12.??"]
[EventType "tourn"]
[EventRounds "1"]
[EventCountry "ISR"]
[SourceTitle "CBM 068"]
[Source "ChessBase"]
[SourceDate "1999.02.01"]
[SourceVersion "1"]
[SourceVersionDate "1999.02.01"]
[SourceQuality "1"]

{[%mdl 32768]} 1. e4 c5 2. Nf3 Nc6 3. d4 cxd4 4. Nxd4 e6 5. Nc3 Qc7 6. g3 a6 7.
Bg2 Nf6 8. O-O Bc5 9. Nb3 Ba7 10. Bg5 Ne5 11. Qe2 d6 12. Kh1 h6 $6 {Since
white wants to take on f6 anyway, it can be considered as a loss of a tempo.} (
12... Nc4 $13) 13. Bxf6 gxf6 14. Rad1 $1 $146 (14. f4 Nc4 15. Nd1 $13 {
Tiviakov-Miladinovic, 94}) 14... Bd7 {[%tqu "En","Find a strong strategic
manoeuvre...","","","b3d2","The knight which had nothing to to on b3 is going
to c4 after f4, so that the next black move is forced.",25,"f2f4","",0]} 15.
Nd2 $1 {[%cal Yf2f4,Yd2c4]} (15. f4 Nc4) 15... Bd4 (15... O-O-O 16. f4 Nc6 17.
Nc4 $36) {[%tqu "En","And now...","","","d2b1","That strange knight manoeuvre
enables white to coordinate its pieces and pawns. Now f4 is possible and after
Nc4 there is always b3.",20]} 16. Ndb1 $1 Bxc3 (16... Ba7 17. b3 $14 {/\f4} (
17. Nd2 $11)) 17. Nxc3 Nc4 {[%tqu "En","","","","e4e5","This is the logical
continuation of the previous moves. Now all the files open and white achieves
a dangerous atrack. Of course I couldn't calculate all the variations but it
wasn't necessary, since the intuition tells that e5 should work. However, I'm
not sure whether I would've found this had white had any choice.",20]} 18. e5
$1 {[%cal Yc3e4,Yc3d5][%mdl 128]} (18. b3 $2 Nb2) 18... fxe5 (18... Nxb2 {
[%tqu "En","","","","c3d5","",10]} 19. Nd5 $1 $18) (18... dxe5 19. Ne4 Ke7 (
19... Bb5 20. a4 $1 $16) (19... O-O-O {[%tqu "En","","","","e2c4","",10]} 20.
Qxc4 $1) 20. b3 Na3 21. c4 $44 {[%csl Ra3] +/-}) (18... Nxe5 19. f4 Ng6 (19...
Nc6 20. Ne4 d5 21. Nxf6+ $16) 20. Nd5 Qd8 21. f5 $16) 19. Ne4 Ke7 (19... Bb5
20. a4 $1) (19... d5 20. Nf6+ Ke7 21. Nxd7 Kxd7 22. b3 Nb6 (22... Nb2 23. Rb1
Qc3 24. Qf3 $18) 23. c4 $40) 20. b3 d5 21. bxc4 dxe4 22. Qxe4 $16 {[%csl Rb7,
Re7,Rf7,Rh6] Now white has a big positional advantage - its pieces are better
coordinated and the black king is very vulnerable.} Bc6 23. Qh4+ f6 24. Rd3 {
Doubling on the d-file is the simplest plan since black cannot oppose his
rooks.} Rac8 (24... Rad8 25. Rfd1 Bxg2+ 26. Kxg2 Rxd3 27. Rxd3 $16) 25. Rfd1
Ba4 26. c5 $1 Bb5 27. Rd6 {[%csl Re6]} Be8 28. Bh3 $18 (28. Bd5 Bf7) (28. Qc4
Bf7 29. Rd7+ Qxd7 30. Rxd7+ Kxd7 31. Bxb7 $18) 28... Bf7 29. Rd7+ {After the
exchange black's position collapses.} Qxd7 30. Rxd7+ Kxd7 31. Qxf6 Rhf8 32.
Qxe5 Ke7 33. Bg2 b5 34. cxb6 Rxc2 35. Be4 Rcc8 36. b7 Rcd8 37. Qc7+ Kf6 38.
Qc3+ Ke7 39. Qa3+ 1-0

[Event "ISR-ch U18"]
[Site "Israel"]
[Date "1999.07.13"]
[Round "3"]
[White "Kundin, Alexander"]
[Black "Bar, Roman"]
[Result "1/2-1/2"]
[WhiteElo "2403"]
[BlackElo "2324"]
[Annotator "Kundin/Alterman"]
[PlyCount "51"]
[EventDate "1999.07.??"]
[EventType "tourn"]
[EventRounds "9"]
[EventCountry "ISR"]
[SourceTitle "CBM 072"]
[Source "ChessBase"]
[SourceDate "1999.10.01"]
[SourceVersion "1"]
[SourceVersionDate "1999.10.01"]
[SourceQuality "1"]

1. e4 c5 2. Nf3 Nc6 3. d4 cxd4 4. Nxd4 Qc7 5. Nc3 e6 6. g3 a6 7. Bg2 Nf6 8. O-O
Bc5 9. Nb3 Ba7 10. Bg5 Ne5 11. Qe2 d6 12. Kh1 h6 (12... Nc4 $13 {
Tiviakov-Miladinovic, 94}) 13. Bxf6 gxf6 14. Rad1 Bd7 15. f4 $5 $146 {I spent
40 minutes calculating the outcomes of that move. Probably white has no more
than equality due to the powerful black knight and the bishops pair.} Nc4 16.
e5 dxe5 (16... Nxb2 $2 {[%tqu "En","","","","c3d5","",5]} 17. Nd5 $1 $18) (
16... Ne3 17. exd6 $44 {+/-}) (16... fxe5 $6 17. Ne4 $1 (17. fxe5 Nxe5 18. Ne4
Bb5 19. Nxd6+ Qxd6 20. Qxb5+ axb5 21. Rxd6 Ke7 $11) 17... d5 (17... Bb5 18. a4
$1) 18. Nf6+ Ke7 19. Rxd5 $1 Kxf6 20. fxe5+ Ke7 21. Rxd7+ Qxd7 22. Qxc4 $40 {
+/- A pawn for the exchange and the weak black king make the position better
for white.}) (16... O-O-O $5 17. exd6 Nxd6 $13) 17. Ne4 (17. fxe5 Ne3 (17...
fxe5 $2 {[%tqu "En","","","","d1d7","",5]} 18. Rxd7 $18) (17... f5 18. Rxf5 Bc6
$1 $13 {[%cal Gc6h1,Ga7g1] And suddenly the white king feels not more secure
than the black one.} (18... exf5 19. Nd5 {/\Nf6+})) 18. Ne4 (18. exf6 Bc6 $40 {
[%csl Rh1]}) 18... O-O-O $15) 17... Ke7 (17... Bb5 $2 18. a4 $1) (17... O-O-O
$4 {[%tqu "En","","","","e2c4","",5]} 18. Qxc4) 18. fxe5 (18. Nxf6 $5 Bc6 $1 {
/\} (18... Kxf6 $2 19. fxe5+ Ke7 20. Rxd7+ Qxd7 21. Qxc4 $16) 19. fxe5 Ne3 $17)
{[%tqu "En","Find a good defensive move...","","","f6f5","",20,"f6e5","",0,
"c4e5","",0,"c4e3","",0]} 18... f5 $1 {[%mdl 256] That move closes the f-file,
and now with the entrance of the knight to e3 and Bc6 it is the white king
who'll be under attack. It is the right time for white to start looking for
equality.} (18... fxe5 $2 19. Rxd7+) (18... Nxe5 $2 {[%tqu "En","","","",
"e2d2","+/- /\Qb4+",10]} 19. Qd2 $1 $40 {[%csl Re7][%cal Gd2b4] +/- /\Qb4+}) (
18... Ne3 19. exf6+ Kf8 20. Nec5 $40 {[%csl Rf8]}) 19. Qh5 $6 (19. Nd4 $5 Bxd4
(19... Nxe5 $15) (19... fxe4 20. Rxf7+ Kxf7 21. Qh5+ $11) 20. Rxd4 Nxe5 $15) (
19. Nec5 $5 Bb5 $8 20. a4 Bxc5 21. Nxc5 Qxc5 22. axb5 axb5 $15 (22... Ne3 23.
Bxb7 $11)) (19. Nf6 Bc6 $17) (19. Nd6 Ne3 $17) 19... Ne3 20. Nd6 Rh7 21. Qh4+
Kf8 22. Qb4 Kg8 $6 {That loses a tempi compared with Kg7.} (22... Kg7 $1 {
[%cal Gh7h8,Gh8c8]} 23. Qxb7 Qxb7 24. Bxb7 Rb8 25. Bf3 Nxf1 $17) 23. Qxb7 Qxb7
24. Bxb7 (24. Nxb7 $6 Bb5 $1 25. Nd6 Bxf1 26. Rxf1 Rd8 $19) 24... Rb8 25. Bf3 {
/\Nf5} Nxf1 26. Rxf1 (26. Rxf1 {[%cal Gc2c8]} {[%tqu "En","The main goal is to
stop the pawns from advancing further...","","","d7a4","",15,"h6h5","",0,
"g8g7","",0,"a6a5","",0]} Ba4 $1 {[%cal Gb8b2] Now the pawns are stopped, and
after f6 the rooks will finally be able to dominate the board. That is the
move that escaped from my opponent's eyes.} (26... h5 $6 27. h4 {[%csl Rh5]}) (
26... Kg7 27. c4 $44) (26... a5 27. Rd1 $1 (27. Nb7 a4 28. N3c5 Bc8 $1 $17 {
/\f6}) 27... a4 28. Na5 $13) 27. Rd1 (27. Kg2 f6 28. exf6 Rd7 $17) 27... f6 28.
exf6 Rd7 $17) 1/2-1/2

[Event "FRA"]
[Site "France"]
[Date "1990.??.??"]
[Round "?"]
[White "Daillet, Emmanuel"]
[Black "Lautier, Joel"]
[Result "0-1"]
[WhiteElo "2305"]
[BlackElo "2500"]
[Annotator "Lautier,J"]
[PlyCount "88"]
[EventDate "1990.??.??"]
[EventType "game"]
[EventRounds "1"]
[EventCountry "FRA"]
[SourceTitle "CBM 024"]
[Source "ChessBase"]
[SourceDate "1991.10.01"]
[SourceVersion "1"]
[SourceVersionDate "1991.10.01"]
[SourceQuality "1"]

1. e4 c5 2. Nc3 e6 3. Nf3 Nc6 4. d4 cxd4 5. Nxd4 Qc7 6. Be2 a6 7. O-O Nf6 8.
Kh1 Nxd4 9. Qxd4 Bc5 10. Qd3 h5 11. f4 Ng4 12. Qg3 b5 13. e5 {N} Bb7 14. Bf3
Rc8 (14... Rd8 $1 15. Ne4 Bxe4 16. Bxe4 g6 $1 (16... Qb6 $2 17. f5 $1 $16) 17.
Bf3 $1 Nh6 (17... Nf2+ $2 18. Rxf2 h4 19. Qg5 Bxf2 20. Qf6 Rg8 21. f5 $1 Bc5 (
21... gxf5 $2 22. Bh5 d5 (22... Rf8 23. Bh6 $18) 23. Qxe6+ Kf8 24. Bh6+ $18) (
21... exf5 $2 22. Bd5 d6 23. e6 $18) 22. Bg5 $16) 18. Qe1 Nf5 19. g3 (19. Bd2
$2 h4 20. Ba5 Ng3+ $19) (19. Be4 $1 h4 20. Bxf5 gxf5 21. Be3 Bxe3 22. Qxe3 Qxc2
23. Rf2 $44) 19... d6 $1 $15 20. c3 Kf8 21. a4 Kg7 22. Qe2 $2 h4 $1 $19 23. Kg2
(23. g4 Ng3+ 24. hxg3 hxg3+ 25. Kg2 Rh2+ $19) 23... hxg3 24. hxg3 Rh7 $1 25.
exd6 Bxd6 26. Be3 Rdh8 27. Kf2 (27. Bg1 Rh3 $19) 27... Bc5 $1 28. Bxc5 Qxc5+
29. Ke1 Nxg3 $19 {R.Anderson 2245 - Lautier 2550, New York Open 1991}) 15. Ne4
Bxe4 16. Bxe4 g6 $1 (16... Qb6 $2 17. f5 $1 Nf2+ 18. Rxf2 Bxf2 19. Qxg7 Rf8 20.
Bh6 $16) 17. Bd2 (17. Bf3 $2 Nf2+ $1 18. Rxf2 h4 19. Qg5 Bxf2 20. Qf6 Rg8 21.
f5 Qd8 $17) 17... Qb6 18. Be1 Ne3 19. Rf3 h4 20. Qh3 Nf5 21. c3 (21. a4 b4 $15)
21... d5 $5 22. exd6 Qxd6 23. b4 (23. a4 $6 b4 24. cxb4 Bxb4 25. Rd3 Qxf4 26.
Bxb4 Qxe4 $17) 23... Bb6 {/\ Rc4} 24. Bd3 $2 (24. a4 $1 bxa4 25. Bd3 $132 (25.
Rxa4 $4 Qd1)) 24... Qd5 25. a4 Kf8 $1 $17 26. axb5 axb5 27. Be2 (27. Ra6 Rb8 {
followed by Kg7 and Ra8 -/+}) 27... Kg7 28. Rd1 Qc6 29. Rfd3 Ba7 $1 {
threatening Qb6} 30. c4 Qxc4 $1 31. Bc3+ Bd4 $1 $19 32. Rxd4 (32. Bxd4+ Nxd4
33. Bf1 Nf5 $19) 32... Qxc3 33. Qxc3 Rxc3 34. Re4 Rb8 35. Rb1 Kf6 36. Kg1 Ne3
$1 37. Rd4 Nd5 38. Kf2 Ke7 39. Rb2 Kd6 40. Ra2 Rb3 41. Ra6+ Ke7 42. Ra5 Rb2 43.
Kf3 Rc8 44. Ra3 (44. Rxb5 Rc3+ 45. Rd3 (45. Bd3 Rd2 46. Ke4 Re2+ $1 47. Kf3
Re3+ $19) 45... Rxe2 $1 46. Rxc3 Nxc3 47. Rc5 Rc2 48. b5 Kd6 49. Rc8 Nxb5 $19)
44... Rcc2 0-1